"Loan to own" and the acquisition of assets through the purchase of debt (Record no. 82148)
[ view plain ]
| 000 -LEADER | |
|---|---|
| fixed length control field | 00963cam a22001935a 4500 |
| 001 - CONTROL NUMBER | |
| control field | L149347 |
| 008 - FIXED-LENGTH DATA ELEMENTS--GENERAL INFORMATION | |
| fixed length control field | 100223s2009 xxk 000 0 eng d |
| 035 ## - SYSTEM CONTROL NUMBER | |
| System control number | (Sirsi) u149347 |
| 041 0# - LANGUAGE CODE | |
| Language code of text/sound track or separate title | eng |
| 100 1# - MAIN ENTRY--PERSONAL NAME | |
| Personal name | John, Ed |
| 245 01 - TITLE STATEMENT | |
| Title | "Loan to own" and the acquisition of assets through the purchase of debt |
| 260 ## - PUBLICATION, DISTRIBUTION, ETC. | |
| Date of publication, distribution, etc. | 2009 |
| 490 ## - SERIES STATEMENT | |
| Series statement | Lovells Real Estate Quarterly |
| Volume/sequential designation | Winter 2009, 14(1) |
| 520 ## - SUMMARY, ETC. | |
| Summary, etc. | Explains how "loan to own", the increasingly popular means of acquiring property, works: what it is, when it would be used, how to target a "loan to own" deal, enforcing the security, and proceeding with caution. Asks whether it is value for money and concludes that "loan to own" is an innovative means of acquiring assets in distressed situations where a conventional asset purchase would not work. |
| 590 ## - LOCAL NOTE (RLIN) | |
| Local note | KA |
| 651 #4 - SUBJECT ADDED ENTRY--GEOGRAPHIC NAME | |
| Geographic name | United Kingdom |
| Chronological subdivision | |
| 690 ## - LOCAL SUBJECT ADDED ENTRY--TOPICAL TERM (OCLC, RLIN) | |
| Topical term or geographic name as entry element | PROPERTY-COMMERCIAL PROPERTY-ACQUISITION AND DISPOSAL OF COMMERCIAL PROPERTY |
| 942 ## - ADDED ENTRY ELEMENTS (KOHA) | |
| Suppress in OPAC | 0 |
| Withdrawn status | Lost status | Source of classification or shelving scheme | Damaged status | Not for loan | Home library | Current library | Shelving location | Date acquired | Total Checkouts | Full call number | Barcode | Date last seen | Copy number | Price effective from | Koha item type |
|---|---|---|---|---|---|---|---|---|---|---|---|---|---|---|---|
| Dewey Decimal Classification | London | London | Journal article | 23/02/2010 | L149347 | 149347-1001 | 06/08/2019 | 1 | 06/08/2019 | Journal article |